A13_耕地面積が0の市町村 - Statistics

General Stats
  • This quiz has been taken 39 times
  • The average score is 51 of 85
Answer Stats
都道府県名 種類 市町村名 % Correct
埼玉県 蕨市
86%
東京都 青ヶ島村
83%
千葉県 浦安市
81%
東京都 武蔵野市
81%
東京都 狛江市
81%
東京都 小笠原村
78%
広島県 府中町
78%
鹿児島県 十島村
78%
東京都 国立市
75%
東京都 新島村
75%
神奈川県 清川村
75%
東京都 神津島村
72%
東京都 御蔵島村
72%
広島県 坂町
72%
鹿児島県 三島村
72%
沖縄県 那覇市
72%
東京都 奥多摩町
69%
大分県 姫島村
69%
北海道 歌志内市
67%
宮城県 塩竈市
67%
埼玉県 戸田市
67%
東京都 多摩市
67%
神奈川県 逗子市
67%
神奈川県 葉山町
67%
新潟県 粟島浦村
67%
山梨県 丹波山村
67%
大阪府 守口市
67%
奈良県 下北山村
67%
奈良県 上北山村
67%
和歌山県 北山村
67%
福岡県 春日市
67%
東京都 福生市
64%
山梨県 山中湖村
64%
山梨県 小菅村
64%
沖縄県 宜野湾市
64%
北海道 礼文町
61%
福島県 檜枝岐村
61%
神奈川県 箱根町
61%
神奈川県 真鶴町
61%
大阪府 吹田市
61%
大阪府 摂津市
61%
兵庫県 芦屋市
61%
奈良県 野迫川村
61%
沖縄県 浦添市
61%
北海道 利尻町
58%
東京都 羽村市
58%
大阪府 泉大津市
58%
大阪府 門真市
58%
奈良県 東吉野村
58%
島根県 知夫村
58%
北海道 利尻富士町
56%
大阪府 高石市
56%
大阪府 島本町
56%
奈良県 黒滝村
56%
高知県 大川村
56%
沖縄県 北中城村
56%
大阪府 忠岡町
53%
奈良県 天川村
53%
広島県 海田町
53%
沖縄県 渡名喜村
53%
北海道 上砂川町
50%
山梨県 西桂町
50%
長野県 王滝村
50%
京都府 大山崎町
50%
大阪府 藤井寺市
50%
兵庫県 播磨町
50%
香川県 直島町
50%
福岡県 大野城市
50%
沖縄県 北谷町
50%
宮城県 女川町
47%
島根県 西ノ島町
47%
沖縄県 嘉手納町
47%
沖縄県 渡嘉敷村
47%
沖縄県 座間味村
47%
青森県 風間浦村
44%
奈良県 王寺町
44%
奈良県 川上村
44%
山口県 和木町
44%
沖縄県 与那原町
44%
和歌山県 太地町
42%
北海道 泊村
39%
奈良県 三郷町
39%
長野県 下諏訪町
36%
北海道 神恵内村
33%
長野県 平谷村
31%
No matching quizzes found
Score Distribution
Percent of People with Each Score
Percentile by Number Answered
Your Score History
You have not taken this quiz